Central Library OPAC University of Rajshahi

বাংলাদেশের সবজী / (Record no. 54935)

MARC details
000 -LEADER
fixed length control field 00859nam a2200229 a 4500
001 - CONTROL NUMBER
control field 54935
003 - CONTROL NUMBER IDENTIFIER
rucl marc code BD-RjUL
005 - DATE AND TIME OF LATEST TRANSACTION
control field 20211209080206.0
008 - FIXED-LENGTH DATA ELEMENTS--GENERAL INFORMATION
fixed length control field 161112s1976 bg ||||| |||| 00| 0 ben d
020 ## - INTERNATIONAL STANDARD BOOK NUMBER
Terms of availability : Tk.34.00
035 ## - SYSTEM CONTROL NUMBER
System control number (BD-RjUL) 55057
040 ## - CATALOGING SOURCE
Original cataloging agency BD-RjUL
Language of cataloging ben
Transcribing agency BD-RjUL
Modifying agency BD-RjUL
041 ## - LANGUAGE CODE
Language code of text/sound track or separate title ben
082 ## - DEWEY DECIMAL CLASSIFICATION NUMBER
Edition number 23
Classification number 635.095492
Author mark and year RAB 1976
100 ## - MAIN ENTRY--PERSONAL NAME
Personal name রসিদ, মোহাম্মদ মামুনুর
9 (RLIN) 163767
245 10 - TITLE STATEMENT
Title বাংলাদেশের সবজী /
Statement of responsibility, etc. মোহাম্মদ মামুনুর রসিদ,
260 ## - PUBLICATION, DISTRIBUTION, ETC. (IMPRINT)
Place of publication, distribution, etc. ঢাকা :
Name of publisher, distributor, etc. বাংলা একাডেমী,
Date of publication, distribution, etc. ১৯৭৬.
300 ## - PHYSICAL DESCRIPTION
Pagination [৮], ৪৯৪ পৃ. ;
Size ২২ সেমি.
650 ## - SUBJECT ADDED ENTRY--TOPICAL TERM
Topical term or geographic name as entry element শস্য উৎপাদন
Form subdivision বাংলাদেশ
9 (RLIN) 163768
Topical term or geographic name as entry element Horticulture
Form subdivision Bangladesh
9 (RLIN) 163769
942 ## - ADDED ENTRY ELEMENTS (KOHA)
Source of classification or shelving scheme Dewey Decimal Classification
Koha item type Books
Holdings
Lost status Source of classification or shelving scheme Damaged status Not for loan Collection code Permanent Location Current Location Shelving location Date acquired Source of acquisition Cost, normal purchase price Total Checkouts Full call number Date last seen Copy number Koha item type
  Dewey Decimal Classification     Non-fiction Central Library, University of Rajshahi Central Library, University of Rajshahi   25/02/1981 Bangla Academy, Dhaka. 34.00   B 635.095492 RAB 1976 12/11/2016 C-2 Books
  Dewey Decimal Classification     Non-fiction Central Library, University of Rajshahi Central Library, University of Rajshahi   25/04/1981 Bangla Academy, Dhaka 34.00   B 635.095492 RAB 1976 28/11/2016 C-3 Books